Stations du métro parisien - sans la lettre e - Statistiques

Statistiques générales
  • Ce quiz a été pris 13 fois
  • Le résultat moyen est 22 sur 37
Statistiques - réponses
Lignes Réponse % Correct
Paris_transit_icons_-_M%C3%A9tro_1.svg Paris_transit_icons_-_M%C3%A9tro_2.svg Paris_transit_icons_-_M%C3%A9tro_6.svg Paris_transit_icons_-_M%C3%A9tro_9.svg Paris_transit_icons_-_RER_A.svg Nation
100%
Paris_transit_icons_-_M%C3%A9tro_8.svg Paris_transit_icons_-_Tram_2.svg Paris_transit_icons_-_Tram_3a.svg Balard
83%
Paris_transit_icons_-_M%C3%A9tro_7bis.svg Botzaris
83%
Paris_transit_icons_-_M%C3%A9tro_7.svg Paris_transit_icons_-_M%C3%A9tro_7bis.svg Louis Blanc
83%
Paris_transit_icons_-_M%C3%A9tro_4.svg Paris_transit_icons_-_M%C3%A9tro_6.svg Raspail
83%
Paris_transit_icons_-_M%C3%A9tro_2.svg Paris_transit_icons_-_M%C3%A9tro_5.svg Paris_transit_icons_-_M%C3%A9tro_7.svg Stalingrad
83%
Paris_transit_icons_-_M%C3%A9tro_2.svg Avron
75%
Paris_transit_icons_-_M%C3%A9tro_10.svg Mabillon
75%
Paris_transit_icons_-_M%C3%A9tro_1.svg Saint-Paul
75%
Paris_transit_icons_-_M%C3%A9tro_4.svg Simplon
75%
Paris_transit_icons_-_M%C3%A9tro_3.svg Wagram
75%
Paris_transit_icons_-_M%C3%A9tro_4.svg Barbara
67%
Paris_transit_icons_-_M%C3%A9tro_5.svg Campo-Formio
67%
Paris_transit_icons_-_M%C3%A9tro_10.svg Paris_transit_icons_-_M%C3%A9tro_13.svg Duroc
67%
Paris_transit_icons_-_M%C3%A9tro_11.svg Goncourt
67%
Paris_transit_icons_-_M%C3%A9tro_6.svg Picpus
67%
Paris_transit_icons_-_M%C3%A9tro_12.svg Marx Dormoy
58%
Paris_transit_icons_-_M%C3%A9tro_5.svg Ourcq
58%
Paris_transit_icons_-_M%C3%A9tro_6.svg Passy
58%
Paris_transit_icons_-_M%C3%A9tro_4.svg Vavin
58%
Paris_transit_icons_-_M%C3%A9tro_2.svg Victor Hugo
58%
Paris_transit_icons_-_M%C3%A9tro_5.svg Paris_transit_icons_-_Tram_1.svg Bobigny - Pablo Picasso
50%
Paris_transit_icons_-_M%C3%A9tro_6.svg Corvisart
50%
Paris_transit_icons_-_M%C3%A9tro_11.svg Jourdain
50%
Paris_transit_icons_-_M%C3%A9tro_7.svg Tolbiac
50%
Paris_transit_icons_-_M%C3%A9tro_7bis.svg Bolivar
42%
Paris_transit_icons_-_M%C3%A9tro_8.svg Boucicaut
42%
Paris_transit_icons_-_M%C3%A9tro_11.svg La Dhuys
42%
Paris_transit_icons_-_M%C3%A9tro_9.svg (Paris_transit_icons_-_M%C3%A9tro_14.svg) Saint-Augustin
42%
Paris_transit_icons_-_M%C3%A9tro_14.svg Paris_transit_icons_-_RER_C.svg Thiais-Orly
42%
Paris_transit_icons_-_M%C3%A9tro_12.svg Vaugirard
42%
Paris_transit_icons_-_M%C3%A9tro_13.svg Brochant
33%
Paris_transit_icons_-_M%C3%A9tro_13.svg Garibaldi
33%
Paris_transit_icons_-_M%C3%A9tro_9.svg Jasmin
33%
Paris_transit_icons_-_M%C3%A9tro_8.svg La Tour-Maubourg
33%
Paris_transit_icons_-_M%C3%A9tro_9.svg Billancourt
25%
Paris_transit_icons_-_M%C3%A9tro_7.svg Sully-Morland
25%
Aucun quiz correspondant
Distribution des résultats
% des personnes avec chaque résultat
Percentile par nombre de réponses
Votre historique - résultats
Vous n’avez pas pris ce quiz